|
|
|
|
| LEADER |
01139nam a2200253 u 4500 |
| 001 |
10113352 |
| 003 |
upatras |
| 005 |
20230125100248.0 |
| 008 |
140724s2011 gr gre |
| 020 |
|
|
|a 9789602728444
|
| 040 |
|
|
|a GR-PaULI
|c GR-PaULI
|
| 041 |
0 |
|
|a gre
|
| 082 |
0 |
4 |
|a 343.495 078 91
|
| 100 |
1 |
|
|a Μυλωνόπουλος, Δημήτριος Ν.
|d 1961-
|9 112692
|
| 245 |
1 |
0 |
|a Τουριστικό δίκαιο
|c Δημήτριος Μυλωνόπουλος
|
| 260 |
|
|
|a Αθήνα
|b Νομική Βιβλιοθήκη
|c c2011
|
| 300 |
|
|
|a xxvi, 437 σ.
|c 24 εκ.
|
| 504 |
|
|
|a Περιλαμβάνει βιβλιογραφία και ευρετήριο
|
| 650 |
|
4 |
|a Τουρισμός
|x Δίκαιο και νομοθεσία
|z Ελλάδα
|9 139443
|
| 852 |
|
|
|a GR-PaULI
|b ΠΑΤΡΑ
|b ΒΚΠ
|b ΒΣ1
|k ΑΣΧΕ
|h 343.495 078 91 ΜΥΛ
|m 121830
|p 025000237057
|t 1
|
| 942 |
|
|
|2 ddc
|c BK15
|
| 952 |
|
|
|0 0
|1 0
|2 ddc
|4 0
|6 343_495000000000000_078_91_ΜΥΛ
|7 0
|9 168215
|a LISP
|b LISP
|c ALFd
|d 2016-04-24
|i 121830
|l 0
|o 343.495 078 91 ΜΥΛ
|p 025000237057
|r 2016-04-24 00:00:00
|t 1
|w 2016-04-24
|y BK15
|
| 998 |
|
|
|c ΓΚΟΓΚΟΥ
|d 2014-07
|
| 999 |
|
|
|c 105179
|d 105179
|